In defence of economic growth
Zapisane w:
| 1. autor: | |
|---|---|
| Format: | Książka |
| Język: | Undetermined |
| Wydane: |
London
Thirty Bedford Square
1974
|
| Hasła przedmiotowe: | |
| Etykiety: |
Dodaj etykietę
Nie ma etykietki, Dołącz pierwszą etykiete!
|
| Thư viện lưu trữ: | Trung tâm Học liệu Trường Đại học Cần Thơ |
|---|
| LEADER | 00474nam a2200169Ia 4500 | ||
|---|---|---|---|
| 001 | CTU_79579 | ||
| 008 | 210402s9999 xx 000 0 und d | ||
| 082 | |a 338.9 | ||
| 082 | |b C237 | ||
| 100 | |a Cape, Jonathan | ||
| 245 | 0 | |a In defence of economic growth | |
| 245 | 0 | |c Jonathan Cape | |
| 260 | |a London | ||
| 260 | |b Thirty Bedford Square | ||
| 260 | |c 1974 | ||
| 650 | |a Economic development,Environmental policy | ||
| 980 | |a Trung tâm Học liệu Trường Đại học Cần Thơ | ||